South Eastern Kenya University

Library Online Public Access Catalogue


Reader's digest family safety & first aid / (Record no. 4611)

MARC details
000 -LEADER
fixed length control field 00416nam a2200133 a 4500
020 ## - ISBN
International Standard Book Number 042506817X (pbk.) :
050 00 - LIBRARY OF CONGRESS CALL NUMBER
Classification Number RC 86.7
Item Number .R38
245 00 - TITLE
Title Reader's digest family safety & first aid /
Statement of responsibility, etc [selected and edited by] the editors of Reader's digest.
260 ## - PUBLICATION, DISTRIBUTION, ETC.(IMPRINT)
Place of publication, distribution, etc New York :
Name of publisher, distributor, etc Berkley Book,
Date of publication, distribution, etc c1984.
300 ## - PHYSICAL DESCRIPTION
Extent 291 p. :
500 ## - GENERALNOTE
General note "A Berkley/Reader's digest book."
650 #0 - SUBJECT--TOPIC
General subdivision Prevention.
942 ## - ADDED ENTRY ELEMENTS(KOHA)
Source of classification or shelving scheme Library of Congress Classification
Koha item type General circulation
Holdings
Source of classification or shelving scheme Not for loan Location (home branch) Sublocation (holding branch) Shelving location Date accessioned Full call number Barcode Koha item type
Library of Congress Classification   Main Campus Library Main Campus Library   30/06/2015 RC 86.7 .R38 2015/001360 General circulation
Kitui, Kenya.
+254736116989
library@seku.ac.ke